Uplatňovanie vedomostnej ekonomiky v malých a stredných priemyselných podnikoch - vzdelávanie = Implementation of the Knowledge Economy in the Small and Middle-size industrial Companies - Education : Diplomová práca

Saved in:
Bibliographic Details
Main Author: Gergelová, Eva, 1983- (Author)
Other Authors: Šujanová, Jana, 1961- (xxx)
Format: Manuscript Book
Language:Slovak
Published: Trnava : STU v Bratislave MtF KPIM, 2007
Subjects:
Tags: Add Tag
No Tags, Be the first to tag this record!

MARC

LEADER 00000ntm a22000003a 4500
001 stu144958
005 20150617225952.3
008 070906s2007----xo------------------slo-d
040 |a STU  |b slo 
041 0 |a slo 
044 |a xo 
100 1 |a Gergelová, Eva,  |d 1983-  |4 aut  |u M220  |U MTF Ústav inžinierskej pedagogiky a humatitných vied  |T MTF Katedra inžinierskej pedagogiky a psychológie  |X 27982  |U M220  |Y M220  |7 A000027982 
245 1 |a Uplatňovanie vedomostnej ekonomiky v malých a stredných priemyselných podnikoch - vzdelávanie = Implementation of the Knowledge Economy in the Small and Middle-size industrial Companies - Education :  |b Diplomová práca 
260 |a Trnava :  |b STU v Bratislave MtF KPIM,  |c 2007 
300 |a 80 s  |c príl., 1 CD-ROM 
500 |a Program: priemyselné manažérstvo 
650 7 |a vedomostná ekonomika  |2 stusub 
650 7 |a vzdelávanie pracovníkov  |2 stusub 
700 1 |a Šujanová, Jana,  |d 1961-  |4 xxx  |u M4000  |U MTF Materiálovotechnologická fakulta  |T MTF Ústav priemyselného inžinierstva a manažmentu  |X 2306  |U M4000  |Y 84  |7 A000002306 
996 |b 284M065814  |c M*DP-6837  |l MMSKP  |s P  |a 0  |w stu144958_0001